00353 a2200145 4500003000400000005001700004008004100021020001800062040000900080082001900089100001900108245003200127260003900159300000900198OSt20231229123421.0231229b |||||||| |||| 00| 0 eng d a9789387155626 coclc a891.433bVER/J aVarma, Nirmal  aJALTI JHADI /cNirmal Verma aNew Delhi:bVani Prakashan,c2020. a167p